000 00241nam a22000977a 4500
082 _a355.02 DIS'T
245 _aA DISTANT CHALLENGE THE US IFANTRYMAN IN VIETNAM 1967-70
260 _aALABAMA
_bBIRMINGHAM
_c1971
300 _a400P
942 _cBK
999 _c582953
_d582953